000 00293nam a22001217a 4500
999 _c4342
_d4342
008 250207b ||||| |||| 00| 0 eng d
020 _a9780753470909
082 _a595.7 FEL
100 _aFELDMAN,THEA
_eAUTHOR
245 _aCREEPY-CRAWLIES
260 _aUNITED STATES
_bKINGFISHER
942 _2ddc